| 000 | 00477nam a2200205Ia 4500 | ||
|---|---|---|---|
| 999 |
_c37355 _d37355 |
||
| 003 | 0100 | ||
| 005 | 20170526081118.0 | ||
| 008 | 130303s9999 xx 000 0 und d | ||
| 040 | _cARRUPELIB | ||
| 050 | _aDT434.E2603 1967 | ||
| 100 |
_aOdinga, Ajuma Oginga _931087 |
||
| 245 | _aNot yet Uhuru | ||
| 245 | _bthe autobiography of Oginga Odinga | ||
| 260 |
_bHeinemann _aLondon _c1967 |
||
| 300 | _axv | ||
| 300 | _b 323p. 20.5cm | ||
| 650 |
_aKenya _xPolitics _923120 |
||
| 700 |
_aAjuma Oginga Odinga _931088 |
||
| 942 | 0 | 0 |
_03 _2lcc _cMONOGRAPH |